Basti / (Record no. 523230)

000 -LEADER
fixed length control field 00404nam a2200169Ia 4500
003 - CONTROL NUMBER IDENTIFIER
control field NUST
005 - DATE AND TIME OF LATEST TRANSACTION
control field 20190131144039.0
008 - FIXED-LENGTH DATA ELEMENTS--GENERAL INFORMATION
fixed length control field 190125s9999 xx 000 0 und d
020 ## - INTERNATIONAL STANDARD BOOK NUMBER
International Standard Book Number 9789693504644
040 ## - CATALOGING SOURCE
Transcribing agency DLC
082 ## - DEWEY DECIMAL CLASSIFICATION NUMBER
Classification number 891.4393
Author Mark HUS
100 ## - MAIN ENTRY--PERSONAL NAME
Personal name Intizaar Hussain
9 (RLIN) 9473
245 ## - TITLE STATEMENT
Title Basti /
260 ## - PUBLICATION, DISTRIBUTION, ETC.
Name of publisher, distributor, etc. Sang-e-Meel Publications :
Place of publication, distribution, etc. Lahore
Date of publication, distribution, etc. 2010
300 ## - PHYSICAL DESCRIPTION
Extent 252p. :
942 ## - ADDED ENTRY ELEMENTS (KOHA)
Source of classification or shelving scheme
Koha item type Book
Holdings
Withdrawn status Lost status Source of classification or shelving scheme Damaged status Not for loan Permanent Location Current Location Date acquired Total Checkouts Total Renewals Full call number Barcode Date last seen Date last checked out Price effective from Koha item type
          Central Library (CL) Central Library (CL) 01/31/2019 7 7 891.4393 HUS NIT-12049 02/28/2026 11/11/2023 01/31/2019 Book
© 2023 Central Library, National University of Sciences and Technology. All Rights Reserved.